[Event "World Open"]
[Site "Philadelphia USA"]
[Date "2008.07.05"]
[Round "6"]
[White "Ippolito,D"]
[Black "Lee,Micha"]
[Result "1/2-1/2"]
[WhiteElo "2445"]
[BlackElo "2290"]

1.Nf3 Nf6 2.c4 g6 3.g3 Bg7 4.Bg2 O-O 5.d4 d6 6.O-O Nc6 7.Nc3 a6 8.h3 Rb8
9.e4 b5 10.e5 dxe5 11.dxe5 Qxd1 12.Rxd1 Nd7 13.e6 fxe6 14.cxb5 axb5 15.Bf4 b4
16.Na4 Nb6 17.Nxb6 Rxb6 18.Rac1 Bxb2 19.Bxc7 Ra6 20.Rc4 Bc3 21.Ng5 h6 22.Rxc6 hxg5
23.Bd8 Rxc6 24.Bxc6 Kf7 25.Ba5 Ba6 26.a3 Be2 27.Rd7 bxa3 28.Bxc3 Rc8 29.Bb4 Rxc6
30.Bxa3 Ra6 31.Bxe7 Ke8 32.Rc7 Ra1+ 33.Kg2 g4 34.hxg4 Bxg4 35.Bf6 Rd1 36.Rc4 Bf5
37.g4 Bd3 38.Rf4 Bf1+ 39.Kg3 Rd5 40.Bg7 Bd3 41.Rf3 Be4 42.Rf8+ Ke7 43.Kf4 Bd3
44.Rb8 g5+ 45.Ke3 Bb5 46.Rb7+ Bd7 47.Ra7 Rb5 48.Bc3 Rb3 49.Kd4 Rb5 50.Kc4 Rd5
51.Bd4 Kd6 52.Be3 Bb5+ 53.Kc3 Be2 54.Rg7  1/2-1/2

[Event "7th Open"]
[Site "La Fere FRA"]
[Date "2008.07.06"]
[Round "2"]
[White "Mulder,BP"]
[Black "Ringoir,G"]
[Result "1-0"]
[WhiteElo "2219"]
[BlackElo "1944"]

1.Nf3 Nf6 2.g3 g6 3.c4 Bg7 4.Bg2 O-O 5.Nc3 d6 6.O-O e5 7.d3 Nc6 8.Rb1 a5
9.a3 Nd7 10.b4 axb4 11.axb4 f5 12.Bg5 Nf6 13.b5 Ne7 14.Nd2 h6 15.Bxf6 Rxf6
16.Qb3 Kh8 17.Ra1 Rxa1 18.Rxa1 Rf8 19.Ra8 Qd7 20.Ra7 c6 21.Qa3 Kh7 22.bxc6 Nxc6
23.Ra8 Nd4 24.e3 Ne6 25.Nd5 Nc5 26.Nb4 f4 27.exf4 exf4 28.Nf3 fxg3 29.hxg3 b6
30.d4 Ne4 31.Nd5 Qg4 32.Qe3 Ng5 33.Nf4 Nxf3+ 34.Bxf3 Qf5 35.Be4 Qg4 36.Nxg6 Re8
37.Ne5+  1-0

[Event "Inautomarket Open"]
[Site "Minsk BLR"]
[Date "2008.07.10"]
[Round "1"]
[White "Gevorgyan,I"]
[Black "Onischuk,V"]
[Result "1-0"]
[WhiteElo "2154"]
[BlackElo "2506"]

1.Nf3 Nf6 2.c4 g6 3.g3 Bg7 4.Bg2 O-O 5.O-O d6 6.d4 Nbd7 7.Nc3 e5 8.Qc2 Qe7
9.Rd1 c6 10.e4 b6 11.b3 Bb7 12.Ba3 c5 13.dxe5 dxe5 14.Bb2 Rac8 15.Nd2 Ne8
16.Nf1 Nc7 17.Ne3 Ne6 18.Ned5 Qd8 19.Nb5 Ra8 20.f4 Bc6 21.Qf2 Bxb5 22.cxb5 exf4
23.gxf4 Bxb2 24.Qxb2 Nd4 25.b4 Rc8 26.Rac1 Re8 27.a4 Qh4 28.bxc5 bxc5 29.a5 Rb8
30.b6 axb6 31.axb6 Nxb6 32.Nxb6 Qg4 33.Rxd4 cxd4 34.Qxd4 Qxf4 35.Rd1 Red8
36.Nd5 Qh4 37.Rf1 Qg5 38.Qa7 Rf8 39.Nf6+ Kg7 40.Nd7 Qe7 41.Qd4+ f6 42.Nxb8 Rxb8
43.Rd1 Rb7 44.Qd6 Qxd6 45.Rxd6 Rb5 46.Rd5 Rb2 47.h3 h5 48.h4 Kf7 49.Rd7+ Kf8
50.Rd3 Kf7 51.Kh2 Rb5 52.Kg3 Ke6 53.Bf3 Ke5 54.Rd8 Ke6 55.Ra8 Rb3 56.Ra6+ Ke5
57.Ra5+ Ke6 58.Kf4 Ke7 59.Ra7+ Kf8 60.Ra5 Kg7 61.Ra7+ Kf8 62.Be2 Rb2 63.Bc4  1-0

[Event "Inautomarket Open"]
[Site "Minsk BLR"]
[Date "2008.07.10"]
[Round "1"]
[White "Khachykian,D"]
[Black "Mihajlovskij,S"]
[Result "0-1"]
[WhiteElo "2147"]
[BlackElo "2484"]

1.c4 g6 2.g3 Bg7 3.Bg2 Nf6 4.Nf3 O-O 5.O-O d6 6.d4 Bg4 7.Nc3 Nc6 8.h3 Bxf3
9.Bxf3 Nd7 10.e3 e5 11.Ne2 Qf6 12.Kg2 Rfe8 13.b3 h5 14.Bxc6 bxc6 15.Bb2 Qf5
16.f3 exd4 17.e4 Qc5 18.Bxd4 Bxd4 19.Qxd4 a5 20.Qxc5 Nxc5 21.Nd4 Ra6 22.Rab1 Rb8
23.Rb2 a4 24.Rfb1 Rab6 25.h4 Kf8 26.Kf1 Nd3 27.Rd2 Ne5 28.Rbd1 axb3 29.axb3 c5
30.Nb5 Nxf3 31.Rf2 Nd4 32.Nxd4 cxd4 33.Rxd4 Rxb3 34.Kg2 Re3 35.c5 Rbb3 36.cxd6 cxd6
37.Rxd6 Rxg3+ 38.Kh2 Rh3+ 39.Kg2 Rbg3+ 40.Kf1 Rf3 41.Kg2 Rhg3+ 42.Kh2 Rh3+
43.Kg2 Rxf2+ 44.Kxh3 Rf3+ 45.Kg2 Rf4 46.Kg3 Rxe4 47.Ra6 Re3+ 48.Kg2 Ke7 49.Rb6 Rd3
50.Ra6 Rd6  0-1

[Event "Maestro Open"]
[Site "Berdsk RUS"]
[Date "2008.07.11"]
[Round "4"]
[White "Shkurkin,N"]
[Black "Fedechkin,V"]
[Result "1-0"]
[WhiteElo "2185"]
[BlackElo "2014"]

1.Nf3 Nf6 2.c4 g6 3.g3 Bg7 4.Bg2 O-O 5.O-O d6 6.d4 Nc6 7.Nc3 e5 8.d5 Na5
9.Nd2 c5 10.Qc2 Nh5 11.a3 b6 12.b4 Nb7 13.e4 f5 14.exf5 gxf5 15.Bb2 Bd7 16.Rae1 Qg5
17.Nb5 Rfc8 18.Nf3 Qf6 19.Qe2 a6 20.Nxe5 dxe5 21.d6 Bc6 22.Bxc6 Rxc6 23.Qxh5 axb5
24.Bxe5 Qf7 25.Qf3 Bxe5 26.Qxc6 Bxd6 27.cxb5 Rxa3 28.bxc5 Rc3 29.Rc1 Rxc5
30.Rxc5 Bxc5 31.Rd1 Na5 32.Rd8+ Bf8 33.Qxb6 Nc4 34.Qc5 Nd2 35.Rxf8+ Qxf8
36.Qd5+ Qf7 37.Qxd2 Qb3 38.Qg5+ Kh8 39.Qxf5  1-0

[Event "Heart of Finland"]
[Site "Jyvaskyla FIN"]
[Date "2008.07.14"]
[Round "5"]
[White "Haapasalo,JP"]
[Black "Nouro,M"]
[Result "1/2-1/2"]
[WhiteElo "2167"]
[BlackElo "2341"]

1.Nf3 Nf6 2.c4 g6 3.g3 Bg7 4.Bg2 O-O 5.O-O d6 6.d4 c6 7.Nc3 Qa5 8.h3 Qa6
9.Nd2 d5 10.cxd5 cxd5 11.Nb3 Nc6 12.Bf4 Nd8 13.Nc5  1/2-1/2

[Event "2nd LCT"]
[Site "Leiden NED"]
[Date "2008.07.17"]
[Round "6"]
[White "Pavlovic,Milos"]
[Black "Golubev,M"]
[Result "0-1"]
[WhiteElo "2515"]
[BlackElo "2480"]

1.Nf3 Nf6 2.c4 g6 3.g3 Bg7 4.Bg2 O-O 5.O-O d6 6.d4 Nbd7 7.Nc3 e5 8.e3 Re8
9.b3 c6 10.a4 exd4 11.exd4 a5 12.Ra2 Nb6 13.d5 cxd5 14.cxd5 Bg4 15.h3 Bxf3
16.Bxf3 Nbd7 17.Nb5 Nc5 18.Bf4 Bf8 19.Re2 Rxe2 20.Bxe2 Qd7 21.Kg2 Re8 22.Bc4 Nh5
23.Bd2 Qd8 24.Re1 Ne4 25.Bc1 Nhf6 26.Qf3 Bg7 27.Re2 h6 28.h4 Re7 29.Ba3 g5
30.hxg5 hxg5 31.g4 Nc5 32.Bxc5 dxc5 33.d6 Rxe2 34.Qxe2 Kf8 35.f3 Nd7 36.Qe4 b6
37.Qb7 Be5 38.Qc7 Qe8 39.Bd3 Bf4 40.Be4 Qe5 41.Qxd7 Qb2+ 42.Kf1 Be3 43.Qe7+ Kg7
44.Bc2 Qc1+  0-1

[Event "19th Czech Chladek & Tintera A Open"]
[Site "Pardubice CZE"]
[Date "2008.07.18"]
[Round "1"]
[White "De Wit,T"]
[Black "Khmelniker,I"]
[Result "1/2-1/2"]
[WhiteElo "2246"]
[BlackElo "2448"]

1.Nf3 Nf6 2.c4 g6 3.g3 Bg7 4.Bg2 O-O 5.O-O c6 6.d4 d5 7.cxd5 cxd5 8.Ne5 Ng4
9.Nxg4 Bxg4 10.Nc3 Nc6 11.Be3 Qd7 12.Nxd5 Rad8 13.Qd2 Qf5 14.f3 Bh3 15.Nf4 Bxg2
16.Kxg2 Nxd4 17.Bxd4 Bxd4 18.e4 Qe5 19.Nd3 Qb5 20.Rad1 Bg7 21.Qe2 Rd6 22.Rd2 Rfd8
23.Rfd1 g5 24.Kf1 a6 25.Ke1 Qa5 26.b4 Qb5 27.e5 Rd4 28.a3 Qd5 29.Nc5 Bxe5
30.Rxd4 Bxd4 31.Kf1 b6 32.Ne4 h6 33.g4 Qe5 34.Ng3 Rc8 35.Nf5 Qxe2+ 36.Kxe2 Bf6
37.Nxh6+ Kf8 38.Nf5 e6 39.Nd6 Rc2+ 40.Rd2 Rxd2+ 41.Kxd2 Be5 42.Nc4 Bf4+ 43.Ne3  1/2-1/2

[Event "Politiken Cup"]
[Site "Helsingor DEN"]
[Date "2008.07.19"]
[Round "1"]
[White "Kulago,A"]
[Black "Johansen,St"]
[Result "0-1"]
[WhiteElo "2305"]
[BlackElo "1905"]

1.Nf3 Nf6 2.c4 g6 3.g3 Bg7 4.Bg2 O-O 5.O-O d6 6.d4 Nbd7 7.Qc2 c6 8.Nc3 Qc7
9.b3 Re8 10.Bb2 e5 11.e4 a6 12.a4 Nf8 13.c5 dxc5 14.dxe5 N6d7 15.Ne2 Nxe5
16.Nxe5 Bxe5 17.Bxe5 Qxe5 18.f4 Qe7 19.Rac1 Bg4 20.Nc3 Ne6 21.h3 Nd4 22.Qf2 Be6
23.b4 Nb3 24.f5 Bc4 25.Qf4 Bxf1 26.Rxf1 cxb4 27.f6 Qc5+ 28.Kh2 bxc3 29.Qg4 c2
30.Rf4 c1=Q 31.Bf1 Qd2+ 32.Bg2 Qh5  0-1

[Event "XXVI Andorra Open"]
[Site "La Massana AND"]
[Date "2008.07.19"]
[Round "1"]
[White "Strikovic,A"]
[Black "Haast,A"]
[Result "1-0"]
[WhiteElo "2512"]
[BlackElo "2041"]

1.Nf3 Nf6 2.c4 g6 3.g3 Bg7 4.Bg2 O-O 5.O-O d6 6.d4 Nbd7 7.Qc2 e5 8.Rd1 Re8
9.e4 exd4 10.Nxd4 c6 11.Nc3 a5 12.Bf4 Nc5 13.Nb3 Ne6 14.Bxd6 a4 15.Nc1 Qa5
16.N1e2 Qa7 17.h3 Nh5 18.e5 f5 19.exf6 Nxf6 20.Nf4 Nxf4 21.Bxf4 Bf5 22.Qd2 a3
23.b3 Qa5 24.Rac1 Rad8 25.Bd6 Bf8 26.c5 Nd7 27.Qf4 Qa6 28.Bf1 Qa8 29.Bc4+ Kh8
30.g4 Be6 31.Bxe6 Rxe6 32.Bc7 Bg7 33.Bxd8 Qxd8 34.Ne4 Be5 35.Rxd7  1-0

[Event "31st Taminco Open"]
[Site "Ghent BEL"]
[Date "2008.07.21"]
[Round "5"]
[White "Verhaeren,G"]
[Black "Wubben,M"]
[Result "1/2-1/2"]
[WhiteElo "1888"]
[BlackElo "2158"]

1.Nf3 Nf6 2.c4 g6 3.g3 Bg7 4.Bg2 O-O 5.O-O d6 6.Nc3 c6 7.Rb1 a5 8.a3 e5 9.d3 h6
10.b4 axb4 11.axb4 Re8 12.e4 d5 13.exd5 cxd5 14.Re1 dxc4 15.dxc4 Qxd1 16.Rxd1 Bf5
17.Rb2 Nc6 18.Nh4 Bg4 19.Rd6 Ra1 20.Rb1 Rxb1 21.Nxb1 Nxb4 22.Bxb7 Rb8 23.Rb6 Rd8
24.Nc3 Nd3 25.Be3 Nd7 26.Rd6 Rb8 27.Bf3 Bxf3 28.Nxf3 N7c5 29.Rd5 Rb3 30.Bxc5 Nxc5
31.Rxc5 Rxc3 32.Nxe5 Bxe5  1/2-1/2

[Event "Politiken Cup"]
[Site "Helsingor DEN"]
[Date "2008.07.23"]
[Round "6"]
[White "Moestrup,J"]
[Black "Lyngsjo,H"]
[Result "1/2-1/2"]
[WhiteElo "2129"]
[BlackElo "1951"]

1.c4 Nf6 2.Nf3 g6 3.g3 Bg7 4.Bg2 O-O 5.O-O d5 6.cxd5 Nxd5 7.d4 Nb6 8.h3 Nc6
9.e3 e5 10.dxe5 Nxe5 11.Nxe5 Bxe5 12.Qc2 c6 13.Nd2 Be6 14.Nf3 Bg7 15.e4 Qe7
16.Be3 Nc4 17.Bd4 Rad8 18.Bxg7 Kxg7 19.b3 Nd6 20.Nd4 Rd7 21.Rad1 Rfd8 22.f4 f6
23.Nxe6+  1/2-1/2

[Event "Dutch Open"]
[Site "Dieren NED"]
[Date "2008.07.25"]
[Round "4"]
[White "Theulings,PP"]
[Black "De Ruiter,D"]
[Result "1/2-1/2"]
[WhiteElo "2148"]
[BlackElo "2017"]

1.Nf3 Nf6 2.c4 g6 3.g3 Bg7 4.Bg2 O-O 5.d4 d5 6.cxd5 Nxd5 7.O-O Nb6 8.Nc3 Nc6
9.d5 Na5 10.Qc2 c6 11.dxc6 Nxc6 12.Rd1 Qc7 13.Nb5 Qb8 14.Bf4 e5 15.Be3 Bf5
16.Qc5 Nd7 17.Qd6 Rd8 18.Ng5 Nf6 19.Qxb8 Raxb8 20.Nd6 Bc2 21.Rd2 Rxd6 22.Rxd6 h6
23.Rc1 Bf5 24.Nf3 Ng4 25.Nh4 Nxe3 26.fxe3 Be6 27.Nxg6 Bxa2 28.Nh4 Be6 29.Be4 Na5
30.Rcd1 Bf6 31.Bf5 Be7 32.R6d3 Bc4 33.Rd7 Bxh4 34.gxh4 Bxe2 35.R1d2 Bf3 36.e4 Nc6
37.R2d6 Nd4 38.Kf2 Nxf5 39.exf5 Bg4 40.Rf6 Bh5 41.Rxh6 Bg4 42.Rf6 Bh5 43.Rfd6 Bg4
44.Rf6 Bh5 45.h3 Kg7 46.Rfd6 Rc8 47.Rxb7 Rc2+ 48.Kg3 Re2 49.Rb3 a5 50.Ra6 a4
51.Rxa4 Kf6 52.Ra8 Rd2 53.Rh8 Bd1 54.Rb7 Rd3+ 55.Kf2 Bf3 56.Ra7 e4 57.Rh7 Ke5
58.Ra3 Rd2+ 59.Ke1 Rd1+ 60.Kf2 Rd2+  1/2-1/2

[Event "ch-AUT"]
[Site "Leoben AUT"]
[Date "2008.07.25"]
[Round "7"]
[White "Aschenbrenner,R"]
[Black "Wiedermann,D"]
[Result "0-1"]
[WhiteElo "2278"]
[BlackElo "2156"]

1.c4 Nf6 2.Nf3 g6 3.g3 Bg7 4.Bg2 O-O 5.Nc3 d6 6.d3 e5 7.Rb1 a5 8.a3 Nc6 9.Bg5 h6
10.Bxf6 Qxf6 11.Nd5 Qd8 12.b4 axb4 13.axb4 Bg4 14.b5 Ne7 15.Nd2 Rb8 16.O-O Qd7
17.Re1 Kh7 18.Qc2 Be6 19.Rb3 f5 20.Ra3 Nc8 21.Nb4 f4 22.Ne4 Bh3 23.Rea1 Bxg2
24.Kxg2 Ne7 25.Qb3 Nf5 26.Nc2 g5 27.f3 fxg3 28.hxg3 Kg6 29.g4 Nh4+ 30.Kg3 Qf7
31.Rf1 Qf4+ 32.Kh3 h5 33.gxh5+ Kxh5 34.Ng3+ Kg6 35.e3 Qf7 36.Ne4 Nxf3 37.Kg3 g4
38.c5 d5 39.Nd2 Rh8 40.Rxf3 Rh3+ 41.Kf2 Rxf3+ 42.Nxf3 Qxf3+ 43.Ke1 g3 44.Kd2 g2
45.Ra1 Qf2+ 46.Kc3 g1=Q 47.Rxg1+ Qxg1 48.Qxd5 Qg4 49.e4 Kf6 50.Qa2 Qd7 51.Ne3 Qd4+
52.Kd2 Bh6  0-1

[Event "Dutch Open"]
[Site "Dieren NED"]
[Date "2008.07.28"]
[Round "6"]
[White "Theulings,PP"]
[Black "Ootes,La"]
[Result "0-1"]
[WhiteElo "2148"]
[BlackElo "2223"]

1.Nf3 Nf6 2.c4 g6 3.g3 Bg7 4.Bg2 O-O 5.O-O d6 6.d4 Nbd7 7.Nc3 e5 8.h3 c6
9.e4 Qa5 10.Re1 exd4 11.Nxd4 Ne5 12.Bf1 Qb6 13.Be3 c5 14.Ndb5 Be6 15.f4 Nxc4
16.Bxc4 Bxc4 17.Nxd6 Be6 18.Na4 Qc7 19.Nxc5 Bxh3 20.Rc1 Qa5 21.Ndxb7 Qxa2
22.Qc2 Ng4 23.e5 Rab8 24.b3 Qa3 25.Qc3 a5 26.Ra1 Qb4 27.Qxb4 axb4 28.Bd4 Rfc8
29.Nd6 Rc6 30.Rec1 Rxd6  0-1

[Event "2nd Dragana Vjestice Mem"]
[Site "Banja Luka BIH"]
[Date "2008.07.29"]
[Round "8"]
[White "Goric,E"]
[Black "Gavric,M"]
[Result "1/2-1/2"]
[WhiteElo "2388"]
[BlackElo "2390"]

1.Nf3 Nf6 2.c4 g6 3.g3 Bg7 4.Bg2 O-O 5.Nc3 e6 6.O-O e5 7.d3 Nc6 8.a3 a5 9.Rb1 Nd4
10.Nd2 c6 11.b4 axb4 12.axb4 d5 13.b5 Re8 14.bxc6 bxc6 15.e3 Nf5 16.Na4 Qa5
17.Nb6 Ra7 18.Nxc8 Rxc8 19.Bb2 Re8 20.Ra1 Qc7 21.Qc2 Rxa1 22.Rxa1 Qb6 23.h3 h5
24.Rb1 Qa7  1/2-1/2

[Event "TIPC Open"]
[Site "Charleroi BEL"]
[Date "2008.07.29"]
[Round "5"]
[White "Spaens,K"]
[Black "Sclacmender,J"]
[Result "0-1"]
[WhiteElo "1975"]
[BlackElo "2194"]

1.Nf3 Nf6 2.c4 g6 3.g3 Bg7 4.Bg2 O-O 5.O-O c6 6.d4 d5 7.Nc3 dxc4 8.Ne5 Be6
9.e4 Qc8 10.Qe2 Nfd7 11.Nxd7 Nxd7 12.Be3 Nf6 13.Rfd1 Rd8 14.f3 b5 15.Qc2 a6
16.Ne2 Ne8 17.a3 Nc7 18.Rab1 f6 19.Qd2 Bf7 20.Qa5 Ne8 21.Rd2 Nd6 22.Rbd1 Nb7
23.Qc3 Qc7 24.Bh3 Kh8 25.Nf4 e5 26.Ne6 Bxe6 27.Bxe6 Na5 28.dxe5 fxe5 29.Bg5 Rd4
30.Be3 Nb3 31.Rxd4 exd4 32.Bxd4 Nxd4  0-1

[Event "Dutch Open"]
[Site "Dieren NED"]
[Date "2008.07.30"]
[Round "8"]
[White "Theulings,PP"]
[Black "Wilgenhof,O"]
[Result "0-1"]
[WhiteElo "2148"]
[BlackElo "2218"]

1.Nf3 Nf6 2.c4 g6 3.g3 Bg7 4.Bg2 O-O 5.d4 d6 6.Nc3 Nbd7 7.O-O e5 8.e4 exd4
9.Nxd4 Re8 10.h3 Nc5 11.Re1 a6 12.Nb3 Nfd7 13.Be3 Bxc3 14.bxc3 Nxe4 15.Bh6 f5
16.Qd5+ Kh8 17.Qf7 Rg8 18.Bxe4 Ne5 19.Qd5 fxe4 20.Rxe4 Qf6 21.Rf4 Qe6 22.Bg5 Re8
23.Nd4 Qxd5 24.cxd5 Bxh3 25.Re1 Kg8 26.Rfe4 Bd7 27.f4 Nd3 28.Rxe8+ Rxe8 29.Rxe8+ Bxe8
30.Ne6 Bd7 31.Nxc7 Kf7 32.Na8 b5 33.Nb6 Ke8 34.Bf6 a5 35.a3 Bg4 36.c4 b4
37.axb4 axb4 38.Na4 Bd1 39.Nb2 Nxb2 40.Bxb2 Bb3 41.Kf2 Bxc4 42.Bc1 Bxd5 43.Bd2 b3
44.Bc3 Kd7 45.Ke3 Ke6 46.Kd4 h5 47.Bb2 Kf5 48.Ke3 Bc4 49.Bc3 Kg4 50.Kf2 h4
51.gxh4 Kxf4 52.Ke1 Ke3 53.Kd1 d5 54.Bb2 Be2+ 55.Kc1 Bf3 56.Ba3 d4 57.Bc5 Kd3
58.Kb2 Bd1 59.Bb6 Bc2 60.Bc5 Ke4 61.Be7 Kf3 62.Bf6 d3 63.Kc1 Ke2 64.Bb2 d2+  0-1

[Event "GM Valoz Cup"]
[Site "Olomouc CZE"]
[Date "2008.07.30"]
[Round "1"]
[White "Danielsen,Hen"]
[Black "Baryshpolets,A"]
[Result "1-0"]
[WhiteElo "2526"]
[BlackElo "2413"]

1.Nf3 Nf6 2.c4 g6 3.g3 Bg7 4.Bg2 O-O 5.Nc3 d6 6.O-O e5 7.d3 Nc6 8.Bg5 h6
9.Bxf6 Bxf6 10.Rb1 a5 11.a3 Ne7 12.b4 axb4 13.axb4 c6 14.Ne4 Bg7 15.c5 d5
16.Nd6 b5 17.e4 Be6 18.Ra1 f5 19.Qc2 fxe4 20.dxe4 dxe4 21.Nd2 Nd5 22.Rxa8 Qxa8
23.Bxe4 Nxb4 24.Qb1 Qa3 25.Bxg6 Na6 26.Ne8 Kh8 27.Ne4 Nxc5 28.N4d6 Qb3 29.Qa1 Na4
30.Nxg7 Kxg7 31.Bh5 Qb2 32.Ne8+ Kh8 33.Qd1 Qd4 34.Qc1 Kh7 35.Qxc6 Qd5 36.Qc7+ Qd7
37.Qxe5 Qe7 38.Qe4+ Kh8 39.Re1 Qg5 40.Qd4+ Kg8 41.Rxe6  1-0

[Event "Timisoara Cup GM"]
[Site "Timisoara ROM"]
[Date "2008.08.02"]
[Round "1"]
[White "Grunberg,M"]
[Black "Ilincic,Z"]
[Result "0-1"]
[WhiteElo "2400"]
[BlackElo "2519"]

1.c4 Nf6 2.Nf3 g6 3.g3 Bg7 4.Bg2 O-O 5.d4 d6 6.Nc3 Nbd7 7.O-O e5 8.e4 c6
9.h3 a6 10.Qc2 Re8 11.Rd1 Qe7 12.d5 c5 13.a3 Qf8 14.b4 Nh5 15.Rb1 Rb8 16.bxc5 Nxc5
17.Be3 f5 18.Bxc5 dxc5 19.d6 Nf6 20.Na4 Rd8 21.Nb6 Rxd6 22.Rxd6 Qxd6 23.Nxc8 Rxc8
24.exf5 e4 25.Qd2 Rd8 26.Qxd6 Rxd6 27.Ng5 gxf5 28.Rxb7 h6 29.Nf7 Rd1+ 30.Bf1 Nd7
31.Nd8 Ne5 32.Ne6 Nf3+ 33.Kg2 Bd4 34.g4 Ne1+ 35.Kg1 fxg4 36.hxg4 Nd3 37.Kg2 Ne1+
38.Kg3 Be5+ 39.Kh3 Nd3 40.Kg2 Ne1+ 41.Kg1 Nf3+ 42.Kg2 Nh2 43.Nxc5 Rxf1 44.Nd7 Bd4
45.Kxh2 Rxf2+ 46.Kg3 e3 47.Rb1 e2 48.Rb8+ Kf7  0-1

[Event "Petrovskaya Ladya Open"]
[Site "Peterhof RUS"]
[Date "2008.08.03"]
[Round "2"]
[White "Zhidkov,V"]
[Black "Sychev,K"]
[Result "1-0"]
[WhiteElo "2346"]
[BlackElo "2114"]

1.Nf3 Nf6 2.g3 g6 3.Bg2 Bg7 4.c4 O-O 5.O-O d6 6.d4 Nbd7 7.Qc2 e5 8.Rd1 exd4
9.Nxd4 Nc5 10.Nc3 Re8 11.h3 c6 12.b4 Ne6 13.Nf3 Qc7 14.Bb2 a5 15.a3 Bd7 16.Qd2 axb4
17.axb4 Rxa1 18.Rxa1 Rd8 19.Rc1 Qb6 20.Na4 Qa7 21.Qc2 Ne4 22.Qxe4 Qxa4 23.Bxg7 Kxg7
24.Qb1 f6 25.Qb2 Be8 26.Ra1  1-0

[Event "IMC Dacia Cup"]
[Site "Olomouc CZE"]
[Date "2008.08.04"]
[Round "8"]
[White "Klecker,T"]
[Black "Stets,D"]
[Result "1-0"]
[WhiteElo "2162"]
[BlackElo "2420"]

1.Nf3 Nf6 2.c4 g6 3.g3 Bg7 4.Bg2 O-O 5.O-O d6 6.d4 Nc6 7.Nc3 Bf5 8.d5 Na5
9.Nd2 c5 10.e4 Bg4 11.Qc2 Qc8 12.b3 Bh3 13.Bb2 a6 14.Rae1 Rb8 15.f4 b5 16.e5 Ne8
17.Nce4 Bxg2 18.Kxg2 f6 19.exd6 exd6 20.Bc3 Nb7 21.Rf3 bxc4 22.bxc4 Nd8 23.f5 g5
24.g4 Nf7 25.Rh1 Ne5 26.Bxe5 dxe5 27.h4 h6 28.hxg5 hxg5 29.Nb3 Rb6 30.Nbxc5 Nd6
31.Rb3 Rxb3 32.axb3 Nxf5 33.gxf5 Qxf5 34.Qf2 Qg4+ 35.Qg3 Qe2+ 36.Nf2 e4 37.Nxe4 g4
38.Qxg4 Qxg4+ 39.Nxg4 f5 40.Nh6+ Bxh6 41.Rxh6 fxe4 42.Rxa6 Rb8 43.Re6 Rxb3
44.Rxe4 Kf7 45.Kf2 Kf6 46.Ke2 Kf5 47.Re3  1-0

[Event "12th HZ Open"]
[Site "Vlissingen NED"]
[Date "2008.08.04"]
[Round "4"]
[White "Hekhuis,J"]
[Black "Goverde,Ru"]
[Result "1-0"]
[WhiteElo "2139"]
[BlackElo "1958"]

1.Nf3 Nf6 2.g3 g6 3.Bg2 Bg7 4.c4 O-O 5.Nc3 d5 6.d4 a5 7.O-O Na6 8.Ne5 c6
9.Bf4 Nc7 10.cxd5 Ncxd5 11.Nxd5 Nxd5 12.Qd2 Nxf4 13.Qxf4 Qd6 14.Rfd1 f6 15.Nc4 Qxf4
16.gxf4 Be6 17.Nb6 Rad8 18.Rd3 f5 19.e3 c5 20.d5 Bf7 21.Rc1 Bxb2 22.Rxc5 e5
23.Rb3 Ba1 24.Rb1 e4 25.Rxa1 Rd6 26.Nc8 Rdd8 27.Rac1 Rfe8 28.Bf1 b6 29.Nxb6 Rb8
30.Nd7  1-0

[Event "12th HZ Open"]
[Site "Vlissingen NED"]
[Date "2008.08.04"]
[Round "4"]
[White "Tiggelman,R"]
[Black "Arp,F"]
[Result "1-0"]
[WhiteElo "2194"]
[BlackElo "2066"]

1.Nf3 Nf6 2.c4 g6 3.g3 Bg7 4.Bg2 O-O 5.O-O d6 6.Nc3 c5 7.d4 Na6 8.b3 Rb8
9.Bb2 Bd7 10.Qd2 Qc8 11.Rfe1 Nc7 12.dxc5 dxc5 13.Ne5 Bf5 14.Nd5 Ncxd5 15.cxd5 Be4
16.Rad1 Bxg2 17.Kxg2 Ne4 18.Qf4 f5 19.f3 Nf6 20.Qc4 b5 21.Qc2 c4 22.bxc4 bxc4
23.Ba3 Ng4 24.Nxg4 fxg4 25.f4 Qa6 26.Bxe7 Rb2 27.Qe4 c3 28.Bxf8 Bxf8 29.d6 Rd2
30.d7 Qf6 31.Rxd2 cxd2 32.Qd5+ Kg7 33.Rd1  1-0

[Event "IX Miquel Mas de Figueres Open"]
[Site "Castell de Sant Ferran ESP"]
[Date "2008.08.05"]
[Round "5"]
[White "Alvarez Serra,J"]
[Black "Casanellas Ruano,L"]
[Result "1-0"]
[WhiteElo "1986"]
[BlackElo "2147"]

1.Nf3 Nf6 2.g3 g6 3.Bg2 Bg7 4.c4 O-O 5.Nc3 d5 6.cxd5 Nxd5 7.O-O Nxc3 8.bxc3 c5
9.Rb1 Nc6 10.c4 Qc7 11.Bb2 e5 12.d3 Re8 13.Ng5 h6 14.Ne4 b6 15.Nc3 Be6 16.Qa4 Rac8
17.Nd5 Qd7 18.e3 Red8 19.Rfd1 Bxd5 20.cxd5 Nb4 21.Qxd7 Rxd7 22.e4 Rdd8 23.a3 Na6
24.Bh3 Rb8 25.a4 Nb4 26.Rbc1 a5 27.f4 exf4 28.Bxg7 Kxg7 29.gxf4 Rb7 30.Kf2 Re7
31.f5 g5 32.Bg4 h5 33.Bxh5 Rh8 34.Bg4 Rxh2+ 35.Kf3 Kf6 36.d4 cxd4 37.Rxd4 Rd7
38.Rc8 Rc2 39.Re8 Nc6 40.dxc6 Rc3+ 41.Ke2 Rxd4 42.e5+ Kg7 43.f6+ Kh6 44.Bf5 g4
45.e6 Rxc6 46.e7 Rxf6 47.Rh8+ Kg5 48.e8=Q Kxf5 49.Qb5+ Kf4 50.Re8 Rdd6 51.Qe5+  1-0

[Event "95th ch-GBR"]
[Site "Liverpool ENG"]
[Date "2008.08.06"]
[Round "9"]
[White "Woods,C"]
[Black "Davis,Le"]
[Result "1/2-1/2"]
[WhiteElo "1934"]
[BlackElo "2071"]

1.Nf3 Nf6 2.c4 g6 3.g3 Bg7 4.Bg2 O-O 5.O-O c5 6.Nc3 Nc6 7.d4 d6 8.d5 Na5
9.Qd3 a6 10.b3 Rb8 11.Bb2 b5 12.Nd2 bxc4 13.Nxc4 Nxc4 14.Qxc4 Rb4 15.Qd3 c4
16.Qc2 cxb3 17.axb3 Qc7 18.Ra4 Rxa4 19.bxa4 Bd7  1/2-1/2

[Event "Abkhasian Open"]
[Site "Sukhumi GEO"]
[Date "2008.08.09"]
[Round "7"]
[White "Permiakov,V"]
[Black "Looshnikov,N"]
[Result "0-1"]
[WhiteElo "2339"]
[BlackElo "2462"]

1.Nf3 Nf6 2.c4 g6 3.g3 Bg7 4.Bg2 O-O 5.Nc3 d6 6.O-O e5 7.d4 Nbd7 8.h3 Re8
9.e4 exd4 10.Nxd4 Nc5 11.Re1 Bd7 12.Bf4 h6 13.b3 a6 14.a4 Nh7 15.Rb1 Ng5
16.h4 Nh3+ 17.Bxh3 Bxh3 18.Qd2 Qf6 19.Nd5 Qxd4 20.Qxd4 Bxd4 21.Nxc7 Nd3 22.Re2 Bg4
23.Rd2 Nxf4 24.gxf4 Bf6 25.Nxa8 Rxa8 26.Rxd6 Bxh4 27.Kg2 Be7 28.Rd3 Be6 29.Re1 Kf8
30.Rh1 Kg7 31.f3 Rc8 32.Kg3 Rc6 33.Kf2 Bd6 34.Ke3 Bc5+ 35.Ke2 Rc7 36.Rdd1 Re7
37.Kd3 Bd7 38.Kc3 Be3 39.Rh4 Bf2 40.Rh2 Bg3 41.Rhd2 Bc6 42.f5 gxf5  0-1

[Event "Open"]
[Site "Ptuj SLO"]
[Date "2008.08.11"]
[Round "4"]
[White "Kukovec,B"]
[Black "Biti,A"]
[Result "1/2-1/2"]
[WhiteElo "2228"]
[BlackElo "2102"]

1.Nf3 Nf6 2.c4 g6 3.g3 Bg7 4.Bg2 O-O 5.O-O c6 6.Nc3 d5 7.cxd5 cxd5 8.d4 Ne4
9.Nxe4 dxe4 10.Ne5 Qd5 11.b3 Nc6 12.Bb2 Rd8 13.Nxc6 bxc6 14.Qc2 Bf5 15.e3 Rac8
16.Rfd1 Bg4 17.Rdc1 Bf3 18.Qc5 Qd7 19.Rc2 h5 20.Rac1 Bxg2 21.Kxg2 h4 22.Qc4 h3+
23.Kf1 Qf5 24.Qe2 Qe6 25.Rc4 Rd5 26.Ba3 Rf5 27.R4c2 Bh6 28.Bc5 Qd7 29.Ke1 Rf3
30.b4 Rd8 31.a4 Bg7 32.Rd1 Qb7 33.b5 cxb5 34.axb5 e5 35.Ra2 exd4 36.Rxa7 Qd5
37.Bxd4 Qb3 38.Bxg7 Rxd1+ 39.Qxd1 Qb4+ 40.Qd2 Qb1+ 41.Qd1 Qb4+  1/2-1/2

[Event "Petrovskaya Ladya GM1"]
[Site "Peterhof RUS"]
[Date "2008.08.15"]
[Round "5"]
[White "Zhidkov,V"]
[Black "Matlakov,M"]
[Result "1/2-1/2"]
[WhiteElo "2346"]
[BlackElo "2484"]

1.Nf3 Nf6 2.c4 g6 3.g3 Bg7 4.Bg2 O-O 5.O-O d6 6.d4 Nc6 7.Nc3 a6 8.h3 Rb8
9.Be3 Nd7 10.Qd2 b5 11.cxb5 axb5 12.Bh6 b4 13.Bxg7 Kxg7 14.Nd5 e6 15.Nf4 Nf6
16.Rac1 Ne7 17.Nd3 Ba6 18.Rfe1 c6 19.e4 Bxd3 20.Qxd3 d5 21.Ne5 Qa5 22.b3 Rbd8
23.Nxc6 Nxc6 24.Rxc6 dxe4 25.Bxe4 Qxa2 26.Rc4 Qa3 27.Bf3 Rd7 28.Qe3 Rfd8
29.Rd1 h5 30.Rd3 Qa5 31.Kh2 Rc7 32.Qd2 h4 33.Qxb4 hxg3+ 34.fxg3 Qf5 35.Rxc7 Qxd3
36.Qc3 Rxd4 37.Kg2 Qd2+ 38.Kf1 Qd3+ 39.Kf2 Ne4+ 40.Bxe4 Qxe4 41.Rc4 e5 42.Rxd4 exd4
43.Qd2 Qf5+ 44.Ke2 Qe4+ 45.Kf2 Kh7 46.b4 d3 47.h4 Kg8 48.Qe3 Qc4 49.Qd2 Qe4
50.Qe3  1/2-1/2

[Event "44th Rubinstein Mem Open A"]
[Site "Polanica Zdroj POL"]
[Date "2008.08.19"]
[Round "1"]
[White "Panocki,A"]
[Black "Lukasiewicz,An"]
[Result "1-0"]
[WhiteElo "2338"]
[BlackElo "2129"]

1.Nf3 Nf6 2.c4 g6 3.g3 Bg7 4.Bg2 O-O 5.O-O d6 6.Nc3 e5 7.d3 Nc6 8.Rb1 Be6
9.b4 Qc8 10.b5 Ne7 11.Re1 h6 12.a4 Nd7 13.Nd2 Nc5 14.Ba3 Bh3 15.Bh1 Nf5 16.Bxc5 dxc5
17.Nb3 b6 18.Bxa8 Qxa8 19.Nd5 Qd8 20.a5 Nd6 21.e4 f5 22.axb6 axb6 23.Nd2 Qd7
24.Ra1 Qf7 25.f3 fxe4 26.dxe4 Be6 27.Ra7 Bxd5 28.exd5 e4 29.fxe4 Nxe4 30.Nxe4 Qd7
31.d6 Qh3 32.Rxc7 Bd4+ 33.Kh1 Qe6 34.Qe2 Ra8 35.Kg2 Ra1 36.Nf6+ Qxf6 37.Qe8+ Qf8
38.d7 Ra2+ 39.Kh3 Bf6 40.d8=Q  1-0

[Event "5th DA Tan Malaysian Open"]
[Site "Kuala Lumpur MAS"]
[Date "2008.08.20"]
[Round "5"]
[White "Jia,H"]
[Black "Wan Yunguo"]
[Result "1/2-1/2"]
[WhiteElo "2303"]
[BlackElo "2471"]

1.Nf3 Nf6 2.c4 g6 3.g3 Bg7 4.Bg2 O-O 5.d4 d5 6.O-O dxc4 7.Na3 c3 8.bxc3 c5
9.e3 Nc6 10.Qe2 Bf5 11.Rd1 Be4 12.Bf1 Qa5 13.Bb2 Rfd8 14.Nd2 cxd4 15.Nxe4 Nxe4
16.cxd4 Rac8 17.Nc4 Qa4 18.d5 Na5 19.Bxg7 Kxg7 20.Qb2+ Nf6 21.Nxa5 Qxa5 22.Bg2 Rc7
23.Rac1 Rdc8 24.Rxc7 Rxc7 25.d6 Rd7 26.Bxb7 Qc5 27.Bf3 Rxd6 28.Rxd6 Qxd6
29.Qd4 Qa6 30.g4 h6 31.h4 Qa5 32.Kg2 e5 33.Qc4 Qb6 34.Bd1 Qb7+ 35.f3 Nd5
36.Qe4 Qb2+ 37.Kg3 Qd2 38.Qxe5+ Kh7 39.Qe8 Qe1+ 40.Kh2 Qf2+ 41.Kh1  1/2-1/2

[Event "U16 Olympiad"]
[Site "Mersin TUR"]
[Date "2008.08.20"]
[Round "6"]
[White "Bregadze,L"]
[Black "Nuri,Kam"]
[Result "1-0"]
[WhiteElo "2399"]
[BlackElo "2168"]

1.Nf3 Nf6 2.c4 g6 3.g3 Bg7 4.Bg2 O-O 5.O-O d6 6.Nc3 Nc6 7.d3 e5 8.Rb1 a5
9.a3 Re8 10.Bg5 h6 11.Bxf6 Bxf6 12.b4 Bd7 13.b5 Ne7 14.Nd2 Rb8 15.Nde4 Bg7
16.b6 Bc6 17.bxc7 Qxc7 18.Nb5 Bxb5 19.Rxb5 Nc6 20.e3 Na7 21.Rd5 Red8 22.Nc3 e4
23.Nxe4 b5 24.cxb5 Rxb5 25.Rxb5 Nxb5 26.a4 Nc3 27.Nxc3 Qxc3 28.Bd5 Qe5 29.Qb3  1-0